| 000 | 00830cam a22002655a 4500 | ||
|---|---|---|---|
| 001 | ssj0000609290 | ||
| 003 | OSt | ||
| 005 | 20160314150351.0 | ||
| 008 | 120105t2011 gw a frb 001 0 eng d | ||
| 020 | _a9788674664087 | ||
| 040 |
_aDNLM _cDNLM _dWaSeSS _dEG-ScBUE _beng |
||
| 082 | 0 | 4 |
_222 _a616.027 _bCEL |
| 245 | 0 | 0 |
_aCell and tissue engineering / _credactor Bojana Obradović. |
| 260 |
_aBerlin : _bSpringer / Academic Mind, _cc.2011. |
||
| 300 |
_a275 p. : _bill. ; _c24 cm. |
||
| 500 | _aIndex : p. 273-275. | ||
| 504 | _aIncludes bibliographical references. | ||
| 506 | _aAvailable on campus and off campus with authorized login. | ||
| 650 | 0 |
_aCytology. _2BUEsh |
|
| 650 | 0 |
_aTissue engineering. _2BUEsh |
|
| 651 | _2BUEsh | ||
| 653 |
_bPPhrm _cMarch2016 |
||
| 700 | 1 |
_aObradović, Bojana, _eredactor. |
|
| 942 | _2ddc | ||
| 999 |
_c21409 _d21381 |
||